| 000 | 03641nam0a2200517 4500 | ||
|---|---|---|---|
| 001 | RU\NLR\BIBL_A\011198718 | ||
| 005 | 20250625214939.0 | ||
| 020 |
_aRU _9От Февраля к Октябрю: коллекция листовок/Рос. нац. б-ка |
||
| 035 | _a(NLR Aleph) 011198718 | ||
| 090 |
_a11908214 _c11908214 |
||
| 100 | _a20160822d1917 |||y0rusy50 ca | ||
| 101 | 0 | _arus | |
| 102 | _aRU | ||
| 105 | _ay z 000yy | ||
| 135 | _acrcn 024apada | ||
| 200 | 1 |
_aГраждане! 24 сентября выборы в местную городскую Районную думу. Перед Районной думой большая, ответственная и чисто деловая работа _e[листовка] _fТрудовая народно-социалистическая партия |
|
| 210 |
_aМосква [Московская губ.] _cтипогр. Т-ва "Задруга" _d[1917, сентябрь, до 24] |
||
| 215 |
_a[1] л. _d76х52 |
||
| 300 | _aПеред текстом: Все для народа, - все через народ! | ||
| 300 | _aВ середине текста: Граждане! Голосуйте за список № 2 | ||
| 300 | _aПод текстом: Голосуйте за список № 2 | ||
| 300 | _aСправа и слева от текста: № 2; по центру листовки: Список 2 номер второй | ||
| 300 | _aКоллекция листовок "От Февраля к Октябрю" (2 экз.) | ||
| 316 |
_aВ экз. на шифре Фл X/167 оборван правы верхний угол без потери текста _5NLR |
||
| 325 | 1 | _aКопия доступна в Электронной библиотеке РНБ | |
| 327 | 1 | _aПризыв голосовать за кандидатов Трудовой народно-социалистической партии на выборах в районные думы г. Москвы | |
| 517 | 1 | _a24 сентября выборы в местную городскую Районную думу. Перед Районной думой большая, ответственная и чисто деловая работа | |
| 517 | 1 | _aПеред Районной думой большая, ответственная и чисто деловая работа | |
| 540 | 1 | _aВсе для народа, - все через народ! | |
| 540 | 1 | _aГраждане! Голосуйте за список № 2 | |
| 540 | 1 | _aГолосуйте за список № 2 | |
| 540 | 1 | _aСписок 2 номер второй | |
| 540 | 1 | _aПризыв голосовать за кандидатов Трудовой народно-социалистической партии на выборах в районные думы г. Москвы | |
| 540 | 1 |
_aОт Февраля к Октябрю _eлистовки |
|
| 606 | 1 |
_aОрганы местного самоуправления _jЛистовки _xВыборы _z1917 _92277614 _3RU\NLR\AUTH\6601593246 |
|
| 607 |
_aРоссия _jЛистовки _xИстория _z1917 _92250871 _3RU\NLR\AUTH\661350120 |
||
| 686 | 0 | _aТ3(2)524.2,011 | |
| 686 | 0 | _aТ3(2)711.19-536,011 | |
| 686 | 1 | _aТ3(2-2М)711.1,011 | |
| 852 | 0 | 0 |
_aNLR _bФл _jX/167 |
| 942 | _cBOOK | ||
| 980 | _aNB | ||
| 981 | 4 | 2 |
_a(42) 1917: от Февраля к Октябрю _b(42) Листовки 1917 года |